| 000 | 00817nam a22002177a 4500 | ||
|---|---|---|---|
| 003 | OSt | ||
| 005 | 20260122195813.0 | ||
| 008 | 230414b ||||| |||| 00| 0 eng d | ||
| 040 | _cOst | ||
| 041 | _ashan | ||
| 082 | _a230 | ||
| 245 |
_aလိၵ်ဢယူဝႃတတြႃးတေႃ်မြတ်သႃသၼႃၸဝ်ယ်ေသုၶရိၸ်တူ။ _bChristion Doctrine in Shan. |
||
| 260 |
_aၵဵင်းတုင် _bF. Guercilena _c1963 |
||
| 300 |
_a200 ၼႃႈ _c16 ၸိၼ်ႇထီႇ |
||
| 500 | _aS-SAT: Dr. Prof Sai Aung Tun | ||
| 500 | _aပပ်ႉၸဝ်ႈတႃႇၼႁင်းၶေႃ တွၵ်ႉတိူဝ်ႇၸၢႆးဢွင်ႇထုၼ်း | ||
| 650 |
_aၶရိယၢၼ်ႇ _923085 |
||
| 942 | _cBK1 | ||
| 942 | _2ddc | ||
| 942 | _2ddc | ||
| 999 |
_c23993 _d23993 |
||